[Event "Titled Tuesday intern op 22nd June"]
[Site "Chess.com INT"]
[Date "2021.06.22"]
[Round "7"]
[White "Makhmudov, Shukhrat"]
[Black "Reshetkov, Kirill"]
[Result "0-1"]
[WhiteElo "2115"]
[BlackElo "2197"]
[PlyCount "76"]
[EventDate "2021.06.22"]
[EventType "swiss (blitz)"]
[EventRounds "11"]
[EventCountry "USA"]
[SourceTitle "CBM 203 Extra"]
[Source "ChessBase"]
[SourceDate "2021.09.30"]
[SourceVersion "1"]
[SourceVersionDate "2021.09.30"]
[SourceQuality "1"]

1. e4 Nf6 2. e5 Nd5 3. c4 Nb6 4. c5 Nd5 5. Bc4 e6 6. Nc3 d6 7. cxd6 cxd6 8. Nxd5 exd5 9. Bxd5 Nc6 10. exd6 Bxd6 11. Qe2+ Be7 12. Bxc6+ bxc6 13. Nf3 0-0 14. 0-0 Bd6 15. h3 Re8 16. Qc4 Be6 17. Qc3 c5 18. d4 cxd4 19. Qxd4 Bd5 20. Qg4 Re4 21. Qg5 Bc4 22. Qxd8+ Rxd8 23. Re1 Rxe1+ 24. Nxe1 Be5 25. Bg5 f6 26. Be3 a6 27. Rc1 Bxa2 28. Rc6 Rd1 29. Kf1 Bd5 30. Rc8+ Kf7 31. Ke2 Rb1 32. Nd3 Bxg2 33. Nxe5+ fxe5 34. Rc7+ Kg6 35. Rc2 Bxh3 36. Rc6+ Kf5 37. Rxa6 Bf1+ 38. Kf3 Bxa6 0-1

[Event "Titled Tuesday intern op 22nd June"]
[Site "Chess.com INT"]
[Date "2021.06.22"]
[Round "3"]
[White "Reshetkov, Kirill"]
[Black "Balabayeva, Kseniya"]
[Result "1-0"]
[WhiteElo "2197"]
[BlackElo "2116"]
[PlyCount "73"]
[EventDate "2021.06.22"]
[EventType "swiss (blitz)"]
[EventRounds "11"]
[EventCountry "USA"]
[SourceTitle "CBM 203 Extra"]
[Source "ChessBase"]
[SourceDate "2021.09.30"]
[SourceVersion "1"]
[SourceVersionDate "2021.09.30"]
[SourceQuality "1"]

1. d4 d5 2. Bf4 c5 3. dxc5 Nc6 4. Nf3 Qa5+ 5. Nc3 e6 6. e4 Nf6 7. exd5 Nxd5 8. Bd2 Nxc3 9. Bxc3 Qxc5 10. Bd3 f6 11. 0-0 Be7 12. Nd2 0-0 13. Ne4 Qb6 14. Re1 e5 15. Qh5 g6 16. Qh6 Bf5 17. Bc4+ Kh8 18. h4 Nd4 19. Bd3 Rg8 20. Rad1 Rad8 21. Qe3 Bxe4 22. Qxe4 Bc5 23. h5 Ne6 24. Bxe5 fxe5 25. Qxe5+ Ng7 26. h6 Bxf2+ 27. Kh1 Bxe1 28. Rxe1 Qf2 29. Re4 Qf8 30. Rf4 Qd6 31. hxg7+ Rxg7 32. Qg5 Rf8 33. Re4 Rf1+ 34. Bxf1 Rf7 35. Bd3 Kg8 36. Qe5 Qb6 37. Bc4 1-0

[Event "Titled Tuesday intern op 22nd June"]
[Site "Chess.com INT"]
[Date "2021.06.22"]
[Round "6"]
[White "Reshetkov, Kirill"]
[Black "Izoria, Zviad"]
[Result "0-1"]
[WhiteElo "2197"]
[BlackElo "2602"]
[PlyCount "60"]
[EventDate "2021.06.22"]
[EventType "swiss (blitz)"]
[EventRounds "11"]
[EventCountry "USA"]
[SourceTitle "CBM 203 Extra"]
[Source "ChessBase"]
[SourceDate "2021.09.30"]
[SourceVersion "1"]
[SourceVersionDate "2021.09.30"]
[SourceQuality "1"]

1. d4 d6 2. c4 e5 3. Nf3 e4 4. Nfd2 f5 5. Nc3 Nf6 6. b4 c5 7. bxc5 dxc5 8. d5 e3 9. fxe3 Ng4 10. Nf3 Bd6 11. e4 0-0 12. exf5 Qa5 13. Bd2 Nxh2 14. Ne4 Qc7 15. Nxd6 Qxd6 16. e4 Ng4 17. Qe2 Qg3+ 18. Kd1 Nf2+ 19. Kc2 Nxh1 20. Ng5 h6 21. Qh5 Nf2 22. Be1 hxg5 23. Rb1 Qf4 24. Bxf2 Qxf2+ 25. Kb3 Qh4 26. Qf3 Nd7 27. g3 Qh6 28. Be2 Ne5 29. Qc3 Qf6 30. Rh1 Bd7 0-1

[Event "Titled Tuesday intern op 22nd June"]
[Site "Chess.com INT"]
[Date "2021.06.22"]
[Round "9"]
[White "Reshetkov, Kirill"]
[Black "Shipov, Sergei"]
[Result "0-1"]
[WhiteElo "2197"]
[BlackElo "2541"]
[PlyCount "63"]
[EventDate "2021.06.22"]
[EventType "swiss (blitz)"]
[EventRounds "11"]
[EventCountry "USA"]
[SourceTitle "CBM 203 Extra"]
[Source "ChessBase"]
[SourceDate "2021.09.30"]
[SourceVersion "1"]
[SourceVersionDate "2021.09.30"]
[SourceQuality "1"]

1. d4 d5 2. Bf4 Nf6 3. Nf3 e6 4. e3 c5 5. Nc3 a6 6. dxc5 Bxc5 7. Bd3 0-0 8. 0-0 Nbd7 9. e4 dxe4 10. Nxe4 Nxe4 11. Bxe4 Nf6 12. Bd3 b5 13. a4 b4 14. Qe2 Bb7 15. Rad1 Qb6 16. Ne5 Rfd8 17. Bg5 Bd4 18. Bxf6 gxf6 19. Bxh7+ Kf8 20. Nd3 Qc6 21. Qg4 a5 22. Rfe1 Qxc2 23. h4 Bxf2+ 24. Nxf2 Qxh7 25. Qf4 Qg6 26. g4 Rac8 27. Rxd8+ Rxd8 28. Qc7 Rd2 29. Qxb7 Qc2 30. Qf3 Qxb2 31. Qxf6 Qxf6 32. Ne4 0-1

[Event "Titled Tuesday intern op 12th Jan"]
[Site "Chess.com INT"]
[Date "2021.01.12"]
[Round "5"]
[White "Vastrukhin, Oleg"]
[Black "Reshetkov, Kirill"]
[Result "1-0"]
[WhiteElo "2401"]
[BlackElo "2217"]
[PlyCount "57"]
[EventDate "2021.01.12"]
[EventType "swiss (blitz)"]
[EventRounds "11"]
[EventCountry "USA"]
[SourceTitle "CBM 200 Extra"]
[Source "ChessBase"]
[SourceDate "2021.03.31"]
[SourceVersion "1"]
[SourceVersionDate "2021.03.31"]
[SourceQuality "1"]

1. Nf3 Nf6 2. g3 d5 3. Bg2 Bf5 4. 0-0 e6 5. c4 c6 6. Qb3 Qb6 7. d3 Qxb3 8. axb3 Nbd7 9. Bd2 a6 10. Bc3 Bd6 11. Nbd2 0-0 12. b4 Rac8 13. Nb3 dxc4 14. dxc4 Ne4 15. Rfd1 Rfd8 16. Na5 Rb8 17. Nd4 Nxc3 18. bxc3 Bc7 19. Ndxc6 bxc6 20. Nxc6 Ne5 21. Rxd8+ Rxd8 22. Nxd8 Bxd8 23. Rxa6 Kf8 24. c5 g5 25. b5 Nd7 26. Ra8 Ke7 27. Ra7 Ke8 28. Bc6 e5 29. b6 1-0

[Event "Titled Tuesday intern op 3rd March"]
[Site "Chess.com INT"]
[Date "2020.03.03"]
[Round "4"]
[White "Idani, Pouya"]
[Black "Reshetkov, Kirill"]
[Result "1-0"]
[WhiteElo "2588"]
[BlackElo "2217"]
[PlyCount "45"]
[EventDate "2020.03.03"]
[EventType "swiss (blitz)"]
[EventRounds "10"]
[EventCountry "USA"]
[SourceTitle "EXT 2021"]
[Source "ChessBase"]
[SourceDate "2020.10.23"]
[SourceVersion "1"]
[SourceVersionDate "2020.10.23"]
[SourceQuality "1"]

1. e4 Nf6 2. e5 Nd5 3. d4 d6 4. Nf3 g6 5. Bc4 Nb6 6. Bb3 Bg7 7. Qe2 d5 8. c3 Bf5 9. Be3 Na6 10. Nbd2 Rc8 11. Nh4 Bd7 12. f4 e6 13. Nhf3 c5 14. 0-0 0-0 15. Qf2 cxd4 16. Bxd4 Na4 17. Bxa4 Bxa4 18. Bxa7 f6 19. exf6 Qxf6 20. g3 Qf5 21. Bd4 Nb8 22. Bxg7 Kxg7 23. Qd4+ 1-0

[Event "Titled Tuesday intern op 3rd March"]
[Site "Chess.com INT"]
[Date "2020.03.03"]
[Round "1"]
[White "Reshetkov, Kirill"]
[Black "Cramling Bellon, Anna"]
[Result "1-0"]
[WhiteElo "2217"]
[BlackElo "2035"]
[PlyCount "109"]
[EventDate "2020.03.03"]
[EventType "swiss (blitz)"]
[EventRounds "10"]
[EventCountry "USA"]
[SourceTitle "EXT 2021"]
[Source "ChessBase"]
[SourceDate "2020.10.23"]
[SourceVersion "1"]
[SourceVersionDate "2020.10.23"]
[SourceQuality "1"]

1. d4 Nf6 2. c4 e6 3. Nc3 Bb4 4. e3 b6 5. Nge2 c5 6. a3 Ba5 7. Rb1 Na6 8. Qa4 Bxc3+ 9. Nxc3 Bb7 10. Nb5 0-0 11. Nd6 Qc7 12. Nxb7 Qxb7 13. f3 Nc7 14. Be2 d5 15. dxc5 bxc5 16. 0-0 Rab8 17. b4 Qb6 18. Bd2 d4 19. exd4 cxd4 20. c5 Qb7 21. Bd3 e5 22. Rfe1 Qd5 23. Qb3 Rfe8 24. Bc4 Qd7 25. c6 Qe7 26. b5 Na8 27. Bb4 Qc7 28. a4 Nb6 29. Bd3 Nbd5 30. Bd2 h6 31. Qc2 Nf4 32. Bc4 Red8 33. Qf5 Re8 34. g3 Ne6 35. Qxe5 Qxe5 36. Rxe5 Nc7 37. Rbe1 Rxe5 38. Rxe5 Re8 39. Rxe8+ Nfxe8 40. Bf4 Ne6 41. Bxe6 fxe6 42. c7 Nxc7 43. Bxc7 Kf7 44. Ba5 Kf6 45. Kf2 e5 46. Ke2 Ke6 47. Kd3 Kd5 48. Bb4 g6 49. g4 h5 50. gxh5 gxh5 51. a5 h4 52. h3 Ke6 53. Ke4 Kf6 54. b6 axb6 55. axb6 1-0

[Event "Titled Tuesday intern op 3rd March"]
[Site "Chess.com INT"]
[Date "2020.03.03"]
[Round "6"]
[White "Reshetkov, Kirill"]
[Black "Ynojosa Aponte, Felix Jose"]
[Result "0-1"]
[WhiteElo "2217"]
[BlackElo "2393"]
[PlyCount "38"]
[EventDate "2020.03.03"]
[EventType "swiss (blitz)"]
[EventRounds "10"]
[EventCountry "USA"]
[SourceTitle "EXT 2021"]
[Source "ChessBase"]
[SourceDate "2020.10.23"]
[SourceVersion "1"]
[SourceVersionDate "2020.10.23"]
[SourceQuality "1"]

1. d4 Nf6 2. c4 e6 3. Nc3 d5 4. cxd5 exd5 5. Bg5 c6 6. Qc2 Bd6 7. e3 0-0 8. Bd3 h6 9. Bh4 Re8 10. Nf3 Bg4 11. 0-0-0 b5 12. h3 Bxf3 13. gxf3 a5 14. Rhg1 a4 15. Bh7+ Kf8 16. Rg2 g5 17. Bg3 b4 18. Bxd6+ Qxd6 19. Ne2 b3 0-1

[Event "UKR-chT"]
[Site "Chornomorsk"]
[Date "2019.05.27"]
[Round "8.1"]
[White "Onischuk, Vladimir"]
[Black "Reshetkov, Kirill"]
[Result "1-0"]
[WhiteElo "2633"]
[BlackElo "2261"]
[PlyCount "49"]
[EventDate "2019.05.20"]
[EventType "team-tourn"]
[EventRounds "9"]
[EventCountry "UKR"]
[SourceTitle "CBM 190 Extra"]
[Source "ChessBase"]
[SourceDate "2019.07.15"]
[SourceVersion "1"]
[SourceVersionDate "2019.07.15"]
[SourceQuality "1"]
[WhiteTeam "Kharkov Law Academy"]
[BlackTeam "Odesa Shaman"]
[WhiteTeamCountry "UKR"]
[BlackTeamCountry "UKR"]

1. e4 d6 2. d4 Nf6 3. Nc3 e5 4. Nf3 Nbd7 5. g3 Be7 6. Bg2 0-0 7. 0-0 c6 8. a4 a5 9. h3 Re8 10. Be3 Qc7 11. Nd2 b6 12. f4 Ba6 13. Rf2 b5 14. axb5 cxb5 15. g4 b4 16. Na4 h6 17. Nf1 d5 18. fxe5 Nxe4 19. Bxe4 dxe4 20. g5 hxg5 21. Ng3 Bc4 22. Qg4 Ra6 23. Nf5 Bd8 24. h4 Rg6 25. h5 1-0

[Event "Lutsk Nebesna Sotnya Memorial blitz"]
[Site "Lutsk"]
[Date "2015.02.20"]
[Round "7"]
[White "Bortnyk, Olexandr"]
[Black "Reshetkov, Kirill"]
[Result "1-0"]
[WhiteElo "2539"]
[BlackElo "2197"]
[PlyCount "89"]
[EventDate "2015.02.20"]
[EventType "swiss (blitz)"]
[EventRounds "22"]
[EventCountry "UKR"]
[SourceTitle "CBM 165 Extra"]
[Source "ChessBase"]
[SourceDate "2015.04.21"]
[SourceVersion "1"]
[SourceVersionDate "2015.04.21"]
[SourceQuality "1"]

1. d4 c5 2. dxc5 Na6 3. g3 Nxc5 4. Bg2 Nf6 5. Nf3 d6 6. 0-0 g6 7. b4 Nce4 8. Bb2 Bg7 9. c4 0-0 10. Nbd2 Nxd2 11. Nxd2 Qb6 12. Qb3 Bg4 13. e3 Rfc8 14. Bd4 Qc7 15. Rfc1 Be6 16. Qb2 Qd7 17. a4 Rc7 18. a5 a6 19. Ne4 Ne8 20. Bxg7 Nxg7 21. c5 d5 22. Rd1 Qc6 23. Nc3 Rd8 24. Rd2 Rcd7 25. Rad1 Nf5 26. h4 h5 27. Ne2 f6 28. Nf4 Bf7 29. Bh3 e5 30. Nxh5 Nxh4 31. gxh4 gxh5 32. Bxd7 Qxd7 33. f3 Qf5 34. Rg2+ Kh8 35. Qc2 Qxf3 36. Rf1 Qxe3+ 37. Kh2 Be6 38. Qg6 Qh3+ 39. Kg1 Qxg2+ 40. Qxg2 Rg8 41. Rxf6 Rxg2+ 42. Kxg2 Bd7 43. Rd6 Bc6 44. Rxc6 bxc6 45. b5 1-0

[Event "Lutsk Nebesna Sotnya Memorial blitz"]
[Site "Lutsk"]
[Date "2015.02.20"]
[Round "9"]
[White "Reshetkov, Kirill"]
[Black "Polivanov, Anatoliy"]
[Result "0-1"]
[WhiteElo "2197"]
[BlackElo "2394"]
[PlyCount "90"]
[EventDate "2015.02.20"]
[EventType "swiss (blitz)"]
[EventRounds "22"]
[EventCountry "UKR"]
[SourceTitle "CBM 165 Extra"]
[Source "ChessBase"]
[SourceDate "2015.04.21"]
[SourceVersion "1"]
[SourceVersionDate "2015.04.21"]
[SourceQuality "1"]

1. c4 Nf6 2. Nf3 d6 3. g3 g6 4. Bg2 Bg7 5. 0-0 0-0 6. e3 e5 7. d4 e4 8. Nfd2 Re8 9. Nc3 Bf5 10. f3 exf3 11. Qxf3 Nc6 12. Kh1 h5 13. Qf4 Ng4 14. Nde4 Nb4 15. Qf3 Nc2 16. Rb1 Bh6 17. h3 Ngxe3 18. Rf2 Nxd4 19. Qxe3 Bxe3 20. Bxe3 c5 21. Nd5 Rxe4 22. Rbf1 Rxe3 23. Nxe3 Qg5 24. Nd5 Qxg3 25. Nc7 Rf8 26. Nd5 Bxh3 27. Bxh3 Qxh3+ 28. Kg1 Nf5 29. Rg2 Kg7 30. Nf4 Qe3+ 31. Kh2 h4 32. Nd5 Qe5+ 33. Kh3 Ne3 34. Rf3 Nxg2 35. Kxg2 Qe2+ 36. Rf2 h3+ 37. Kg3 Qh5 38. Nf4 Qg5+ 39. Kf3 Re8 40. b3 Qe5 41. Nxh3 Qe3+ 42. Kg2 Re4 43. Ng1 Rg4+ 44. Kf1 Qc1+ 45. Ke2 Rxg1 0-1

[Event "Yuzhny op"]
[Site "Yuzhny"]
[Date "2011.09.03"]
[Round "1"]
[White "Saprykin, Alexandr"]
[Black "Reshetkov, Kirill"]
[Result "1-0"]
[WhiteElo "1904"]
[BlackElo "2265"]
[PlyCount "87"]
[EventDate "2011.09.03"]
[EventType "swiss"]
[EventRounds "9"]
[EventCountry "UKR"]
[SourceTitle "CBM 144 Extra"]
[Source "ChessBase"]
[SourceDate "2011.10.28"]
[SourceVersion "1"]
[SourceVersionDate "2011.10.28"]
[SourceQuality "1"]

1. e4 Nf6 2. Nc3 d5 3. e5 Ne4 4. d4 Nxc3 5. bxc3 Bf5 6. Bd3 Qd7 7. Ne2 Nc6 8. 0-0 0-0-0 9. a4 Na5 10. Ng3 Bxd3 11. cxd3 f5 12. Rb1 e6 13. Rb5 b6 14. Bd2 c6 15. Rb2 Be7 16. Ne2 c5 17. c4 Nc6 18. a5 dxc4 19. axb6 cxd4 20. Nf4 Kb7 21. bxa7+ Ka8 22. Qa4 Nb4 23. Qxd7 Rxd7 24. Nxe6 cxd3 25. Bxb4 Rb7 26. Rfb1 Bxb4 27. Rxb4 Rxb4 28. Rxb4 Rc8 29. g4 d2 30. Rxd4 Rc1+ 31. Kg2 d1Q 32. Rxd1 Rxd1 33. gxf5 Rd7 34. Kf3 Rxa7 35. Ke4 Kb8 36. Nxg7 Rxg7 37. f6 Rf7 38. Kf5 Ra7 39. e6 Ra5+ 40. Ke4 Ra4+ 41. Kf3 Ra6 42. f7 Rxe6 43. f8Q+ Kc7 44. Qf7+ 1-0